header

Industrial relations (Record no. 1864)

MARC details
000 -LEADER
fixed length control field 01332nam a2200337Ia 4500
245 00 - TITLE STATEMENT
Title Industrial relations
260 ## - PUBLICATION, DISTRIBUTION, ETC. (IMPRINT)
Place of publication London :
Name of publisher Sage,
Year of publication 2006.
300 ## - PHYSICAL DESCRIPTION
Number of Pages 138 p.
500 ## - GENERAL NOTE
General note "Introduction to the 2005 annual review edition of the Journal of industrial relations"--P. 1.
650 #0 - SUBJECT ADDED ENTRY--TOPICAL TERM
Topical Term Industrial relations.
Topical Term Labor laws and legislation.
700 1# - ADDED ENTRY--PERSONAL NAME
Personal name Hall, Richard.
856 40 - ELECTRONIC LOCATION AND ACCESS
Uniform Resource Identifier http://site.ebrary.com/lib/rucke/Doc?id=10285212

No items available.

© 2026 Rongo University
Contact us: librarian | system librarian | Rongo university